COLLECTING BUMBLE BEES.

Saved in:
Bibliographic Details
Main Author: POOLE, T. B.
Format: Book
Language:English
Published: A. E. S., 1953. 20P. (A.E.S. LEAFLET, NO. 25)
Series:AMATEUR ENTOMOLOGISTS' SOCIETY.. LEAFLETS. ; NO. 25.
Subjects:
LEADER 00749nam a2200205 a 4500
001 c000297421
003 CARM
005 20061111053816.0
008 950911s1953 0 eng r
019 1 |a 70238036  |5 LACONCORD2021 
035 |a (OCoLC)30204163  |5 LACONCORD2021 
082 0 4 |a 595.7 A487 
100 1 |a POOLE, T. B. 
245 1 0 |a COLLECTING BUMBLE BEES. 
260 |a A. E. S., 1953. 20P. (A.E.S. LEAFLET, NO. 25) 
650 0 |a BUMBLEBEES. 
800 1 |a AMATEUR ENTOMOLOGISTS' SOCIETY..  |t LEAFLETS. ;  |v NO. 25. 
852 8 |b CARM  |h A3:AD27B0  |i B11364  |p 0550522  |f BK 
999 f f |i 3861c06d-5e5c-5aff-8820-58f10a68baf8  |s a0daa2e1-f690-5668-8252-53f0d7075299 
952 f f |p Can circulate  |a CAVAL  |b CAVAL  |c CAVAL  |d CARM 1 Store  |e B11364  |f A3:AD27B0  |h Other scheme  |i book  |m 0550522